<?xml version="1.0" encoding="UTF-8"?>
<record
    xmlns:xsi="http://www.w3.org/2001/XMLSchema-instance"
    xsi:schemaLocation="http://www.loc.gov/MARC21/slim http://www.loc.gov/standards/marcxml/schema/MARC21slim.xsd"
    xmlns="http://www.loc.gov/MARC21/slim">

  <leader>03159nam a2200445 a 4500</leader>
  <controlfield tag="003">CHAP</controlfield>
  <controlfield tag="005">20240520131857.0</controlfield>
  <controlfield tag="007">ta</controlfield>
  <controlfield tag="008">220809s2020    mx eodbf |||| 001 0 spa d</controlfield>
  <datafield tag="040" ind1=" " ind2=" ">
    <subfield code="a">mxchpua</subfield>
  </datafield>
  <datafield tag="090" ind1=" " ind2=" ">
    <subfield code="a">T.C.848</subfield>
    <subfield code="b">L67 EIUPA</subfield>
    <subfield code="c">2020</subfield>
  </datafield>
  <datafield tag="245" ind1="1" ind2="0">
    <subfield code="a">Reporte de pr&#xE1;ctica de campo EIUPA, desarrollado en la empresa "Inversiones Primaveral S.A.S." en el municipio de Concordia, Antioquia, Colombia /</subfield>
    <subfield code="c">coordinador Vicente L&#xF3;pez Bautista ; colaboradores Mar&#xED;a del Rosario Alvarado Hern&#xE1;ndez...[et al.]</subfield>
  </datafield>
  <datafield tag="260" ind1=" " ind2=" ">
    <subfield code="a">Chapingo, M&#xE9;xico :</subfield>
    <subfield code="b">El autor,</subfield>
    <subfield code="c">2020</subfield>
  </datafield>
  <datafield tag="300" ind1=" " ind2=" ">
    <subfield code="a">248 p&#xE1;ginas :</subfield>
    <subfield code="b">ilustraciones, gr&#xE1;ficas, mapas, diagramas, tablas, planos, fotos +</subfield>
    <subfield code="e">1 CD-ROM</subfield>
  </datafield>
  <datafield tag="336" ind1=" " ind2=" ">
    <subfield code="2">rdacontent</subfield>
    <subfield code="a">texto</subfield>
    <subfield code="b">txt</subfield>
  </datafield>
  <datafield tag="337" ind1=" " ind2=" ">
    <subfield code="2">rdamedia</subfield>
    <subfield code="a">no mediado</subfield>
    <subfield code="b">n</subfield>
  </datafield>
  <datafield tag="338" ind1=" " ind2=" ">
    <subfield code="2">rdacarrier</subfield>
    <subfield code="a">volumen</subfield>
    <subfield code="b">nc</subfield>
  </datafield>
  <datafield tag="500" ind1=" " ind2=" ">
    <subfield code="a">Grado 7&#xB0; Grupo 4</subfield>
  </datafield>
  <datafield tag="502" ind1=" " ind2=" ">
    <subfield code="a">Viaje de Estudios</subfield>
    <subfield code="b">(EIUPA) --</subfield>
    <subfield code="c">UACh. Departamento de Ingenier&#xED;a Agroindustrial,</subfield>
    <subfield code="d">2020</subfield>
  </datafield>
  <datafield tag="504" ind1=" " ind2=" ">
    <subfield code="a">Bibliograf&#xED;a: p. 240-246</subfield>
  </datafield>
  <datafield tag="505" ind1="0" ind2=" ">
    <subfield code="a">8 planos
1. Plano arquitect&#xF3;nico (Esc. 1:125) --
2. Plano Distribuci&#xF3;n de &#xE1;reas (Esc. 1:125) --
3. Plano Distribuci&#xF3;n de equipos (Esc. 1:125) --
4. Plano Diagrama de recorrido (Esc. 1:125) --
5. Plano DTI --
6. Plano Diagrama de flujo --
7. Plano de Distribuci&#xF3;n de &#xE1;reas de la planta Torrefactora (Esc. 1:50) --
8. Plano Distribuci&#xF3;n de equipos de la planta Torrefactora (Esc. 1:50)</subfield>
  </datafield>
  <datafield tag="650" ind1="1" ind2="3">
    <subfield code="a">Caf&#xE9;</subfield>
    <subfield code="x">Organizaci&#xF3;n industrial y estructura de mercado</subfield>
    <subfield code="z">Colombia</subfield>
    <subfield code="z">Antioquia</subfield>
  </datafield>
  <datafield tag="650" ind1="1" ind2="3">
    <subfield code="a">Semillas de caf&#xE9;  </subfield>
    <subfield code="x">Calidad de los cultivos</subfield>
  </datafield>
  <datafield tag="650" ind1="1" ind2="3">
    <subfield code="a">Productos del caf&#xE9;  </subfield>
    <subfield code="x">Calidad del producto</subfield>
  </datafield>
  <datafield tag="650" ind1="1" ind2="3">
    <subfield code="a">Coffee  </subfield>
    <subfield code="x">Industrial organization and market structure</subfield>
    <subfield code="z">Colombia</subfield>
    <subfield code="z">Antioquia</subfield>
  </datafield>
  <datafield tag="650" ind1="1" ind2="3">
    <subfield code="a">Coffee beans  </subfield>
    <subfield code="x">Crop quality</subfield>
  </datafield>
  <datafield tag="650" ind1="1" ind2="3">
    <subfield code="a">Coffee products</subfield>
    <subfield code="x">Product quality</subfield>
  </datafield>
  <datafield tag="700" ind1="1" ind2=" ">
    <subfield code="a">L&#xF3;pez Bautista, Vicente</subfield>
    <subfield code="e">coordinador</subfield>
    <subfield code="9">67700</subfield>
  </datafield>
  <datafield tag="700" ind1="1" ind2=" ">
    <subfield code="9">161691</subfield>
    <subfield code="a">Alvarado Hern&#xE1;ndez, Mar&#xED;a del Rosario</subfield>
    <subfield code="e">colaboradora</subfield>
  </datafield>
  <datafield tag="856" ind1="4" ind2="1">
    <subfield code="u">http://10.13.5.2/ve/T_C_848_EIUPA/T_C_848_EIUPA_2020_PLANO_A-01.pdf</subfield>
    <subfield code="y">DESCARGAR PLANO ARQUITECT&#xD3;NICO</subfield>
  </datafield>
  <datafield tag="856" ind1="4" ind2="1">
    <subfield code="u">http://10.13.5.2/ve/T_C_848_EIUPA/T_C_848_EIUPA_2020_PLANO_A-03.pdf</subfield>
    <subfield code="y">DESCARGAR PLANO DISTRIBUCI&#xD3;N DE &#xC1;REAS</subfield>
  </datafield>
  <datafield tag="856" ind1="4" ind2="1">
    <subfield code="u">http://10.13.5.2/ve/T_C_848_EIUPA/T_C_848_EIUPA_2020_PLANO_A-04.pdf</subfield>
    <subfield code="y">DESCARGAR PLANO DISTRIBUCI&#xD3;N DE EQUIPOS</subfield>
  </datafield>
  <datafield tag="856" ind1="4" ind2="1">
    <subfield code="u">http://10.13.5.2/ve/T_C_848_EIUPA/T_C_848_EIUPA_2020_PLANO_A-05.pdf</subfield>
    <subfield code="y">DESCARGAR PLANO DIAGRAMA DE RECORRIDO</subfield>
  </datafield>
  <datafield tag="856" ind1="4" ind2="1">
    <subfield code="u">http://10.13.5.2/ve/T_C_848_EIUPA/T_C_848_EIUPA_2020_PLANO_A-06.pdf</subfield>
    <subfield code="y">DESCARGAR PLANO DTI</subfield>
  </datafield>
  <datafield tag="856" ind1="4" ind2="1">
    <subfield code="u">http://10.13.5.2/ve/T_C_848_EIUPA/T_C_848_EIUPA_2020_PLANO_A-07.pdf</subfield>
    <subfield code="y">DESCARGAR PLANO DIAGRAMA DE FLUJO</subfield>
  </datafield>
  <datafield tag="856" ind1="4" ind2="1">
    <subfield code="u">http://10.13.5.2/ve/T_C_848_EIUPA/T_C_848_EIUPA_2020_PLANO_B-01.pdf</subfield>
    <subfield code="y">DESCARGAR PLANO DE DISTRIBUCI&#xD3;N DE &#xC1;REAS DE LA PLANTA TORREFACTORA</subfield>
  </datafield>
  <datafield tag="856" ind1="4" ind2="1">
    <subfield code="u">http://10.13.5.2/ve/T_C_848_EIUPA/T_C_848_EIUPA_2020_PLANO_B-02.pdf</subfield>
    <subfield code="y">DESCARGAR PLANO DISTRIBUCI&#xD3;N DE EQUIPOS DE LA PLANTA TORREFACTORA</subfield>
  </datafield>
  <datafield tag="856" ind1="4" ind2="1">
    <subfield code="u">http://10.13.5.2/ve/T_C_848_EIUPA/T_C_848_EIUPA_2020_PLANO_A-02.pdf</subfield>
    <subfield code="y">DESCARGAR PLANO PLANTA DE CONJUNTO</subfield>
  </datafield>
  <datafield tag="856" ind1="4" ind2="1">
    <subfield code="u">http://10.13.5.2/ve/T_C_848_EIUPA/T_C_848_EIUPA_2020_REPORTE.pdf</subfield>
    <subfield code="y">DESCARGAR REPORTE</subfield>
  </datafield>
  <datafield tag="999" ind1=" " ind2=" ">
    <subfield code="c">217590</subfield>
    <subfield code="d">217590</subfield>
  </datafield>
  <datafield tag="952" ind1=" " ind2=" ">
    <subfield code="0">0</subfield>
    <subfield code="1">0</subfield>
    <subfield code="2">local</subfield>
    <subfield code="4">0</subfield>
    <subfield code="5">1</subfield>
    <subfield code="7">0</subfield>
    <subfield code="8">VE</subfield>
    <subfield code="a">IA_</subfield>
    <subfield code="b">IA_</subfield>
    <subfield code="d">2022-08-09</subfield>
    <subfield code="e">El autor</subfield>
    <subfield code="l">0</subfield>
    <subfield code="o">T.C.848 L67 EIUPA 2020</subfield>
    <subfield code="p">1106013564</subfield>
    <subfield code="r">2026-01-26 00:00:00</subfield>
    <subfield code="t">Ej. 1</subfield>
    <subfield code="w">2022-08-09</subfield>
    <subfield code="y">VE</subfield>
  </datafield>
  <datafield tag="952" ind1=" " ind2=" ">
    <subfield code="0">0</subfield>
    <subfield code="1">0</subfield>
    <subfield code="2">local</subfield>
    <subfield code="4">0</subfield>
    <subfield code="5">5</subfield>
    <subfield code="7">0</subfield>
    <subfield code="8">VE</subfield>
    <subfield code="a">IA_</subfield>
    <subfield code="b">IA_</subfield>
    <subfield code="d">2022-08-09</subfield>
    <subfield code="e">El autor</subfield>
    <subfield code="l">0</subfield>
    <subfield code="o">T.C.848 L67 EIUPA 2020</subfield>
    <subfield code="p">1106013565</subfield>
    <subfield code="r">2026-01-26 00:00:00</subfield>
    <subfield code="t">Ej. 2</subfield>
    <subfield code="w">2022-08-09</subfield>
    <subfield code="y">VE</subfield>
  </datafield>
  <datafield tag="952" ind1=" " ind2=" ">
    <subfield code="0">0</subfield>
    <subfield code="1">0</subfield>
    <subfield code="2">local</subfield>
    <subfield code="4">0</subfield>
    <subfield code="5">1</subfield>
    <subfield code="7">0</subfield>
    <subfield code="8">VE</subfield>
    <subfield code="a">IA_</subfield>
    <subfield code="b">IA_</subfield>
    <subfield code="d">2022-08-09</subfield>
    <subfield code="e">El autor</subfield>
    <subfield code="l">0</subfield>
    <subfield code="o">T.C.848 L67 EIUPA 2020</subfield>
    <subfield code="p">1106013566</subfield>
    <subfield code="r">2022-08-09 00:00:00</subfield>
    <subfield code="t">Ej. 3</subfield>
    <subfield code="w">2022-08-09</subfield>
    <subfield code="y">CD</subfield>
  </datafield>
  <datafield tag="952" ind1=" " ind2=" ">
    <subfield code="0">0</subfield>
    <subfield code="1">0</subfield>
    <subfield code="2">local</subfield>
    <subfield code="4">0</subfield>
    <subfield code="5">5</subfield>
    <subfield code="7">0</subfield>
    <subfield code="8">VE</subfield>
    <subfield code="a">IA_</subfield>
    <subfield code="b">IA_</subfield>
    <subfield code="d">2022-08-09</subfield>
    <subfield code="e">El autor</subfield>
    <subfield code="l">0</subfield>
    <subfield code="o">T.C.848 L67 EIUPA 2020</subfield>
    <subfield code="p">1106013567</subfield>
    <subfield code="r">2022-08-09 00:00:00</subfield>
    <subfield code="t">Ej. 4</subfield>
    <subfield code="w">2022-08-09</subfield>
    <subfield code="y">CD</subfield>
  </datafield>
  <datafield tag="952" ind1=" " ind2=" ">
    <subfield code="0">0</subfield>
    <subfield code="1">0</subfield>
    <subfield code="2">local</subfield>
    <subfield code="4">0</subfield>
    <subfield code="7">0</subfield>
    <subfield code="8">VEE</subfield>
    <subfield code="a">IA_</subfield>
    <subfield code="b">IA_</subfield>
    <subfield code="c">E_L</subfield>
    <subfield code="d">2023-02-23</subfield>
    <subfield code="e">El autor</subfield>
    <subfield code="l">0</subfield>
    <subfield code="o">T.C.848 L67 EIUPA 2020</subfield>
    <subfield code="p">1206013564</subfield>
    <subfield code="r">2023-02-23 00:00:00</subfield>
    <subfield code="w">2023-02-23</subfield>
    <subfield code="y">VEE</subfield>
  </datafield>
</record>
